[Event "3. Magistral Ciudad de Zaragoza"]
[Site "Zaragoza ESP"]
[Date "2008.10.18"]
[Round "1.1"]
[White "Cuenca Jimenez, Jose Fernando"]
[Black "Reinaldo Castineira, Roi"]
[Result "1/2-1/2"]
[WhiteElo "2444"]
[BlackElo "2516"]
[PlyCount "32"]
[EventDate "2008.10.18"]
[EventType "tourn"]
[EventRounds "9"]
[EventCountry "ESP"]
[EventCategory "9"]
[Source "lmi"]
[SourceDate "2008.10.18"]

1. Nf3 c5 2. c4 Nc6 3. d4 cxd4 4. Nxd4 g6 5. e4 Bg7 6. Be3 Nf6 7. Nc3 O-O 8.
Be2 d6 9. Qd2 Nxd4 10. Bxd4 Be6 11. Rc1 Qa5 12. f3 Rfc8 13. b3 a6 14. Be3 b5
15. Nd5 Qxd2+ 16. Kxd2 Nxd5 1/2-1/2

[Event "3. Magistral Ciudad de Zaragoza"]
[Site "Zaragoza ESP"]
[Date "2008.10.18"]
[Round "1.2"]
[White "Antoli Royo, Joaquin Miguel"]
[Black "Garza Marco, Sergio"]
[Result "1/2-1/2"]
[WhiteElo "2425"]
[BlackElo "2394"]
[PlyCount "179"]
[EventDate "2008.10.18"]
[EventType "tourn"]
[EventRounds "9"]
[EventCountry "ESP"]
[EventCategory "9"]
[Source "lmi"]
[SourceDate "2008.10.18"]

1. e4 c5 2. Nf3 d6 3. d4 cxd4 4. Nxd4 Nf6 5. Nc3 g6 6. g3 Nc6 7. Nde2 Bg7 8.
Bg2 O-O 9. O-O Rb8 10. a4 a6 11. h3 b5 12. axb5 axb5 13. Be3 b4 14. Nd5 Nd7 15.
Ra2 e6 16. Ndf4 b3 17. cxb3 Nc5 18. Nc3 Nxb3 19. Nfe2 Nc5 20. Na4 Na6 21. b3
Qc7 22. Rd2 Rd8 23. Qb1 Nab4 24. Rc1 Qa5 25. Rcd1 Ba6 26. Nc1 d5 27. exd5 Nxd5
28. Bxd5 Rxd5 29. Rxd5 exd5 30. Qc2 d4 31. Bf4 Rc8 32. Qc5 Qxc5 33. Nxc5 Bb5
34. N1d3 Ne7 35. Ne4 Rc2 36. Nd6 Bd7 37. b4 Nd5 38. Be5 Nc3 39. Re1 Bxh3 40.
Bxg7 Kxg7 41. b5 Nd5 42. Re4 Rd2 43. Rxd4 Nf6 44. f3 Rg2+ 45. Kh1 Nh5 46. Ne4
f5 47. Ndf2 fxe4 48. Nxe4 Nxg3+ 49. Nxg3 Rxg3 50. Rd3 Bf5 51. b6 Bc8 52. Rc3
Ba6 53. Ra3 Bc8 54. Rc3 Ba6 55. Ra3 Bb7 56. Ra7 Rxf3 57. Rxb7+ Kh6 58. Rb8 Rf2
59. Kg1 Rb2 60. Kf1 Kg5 61. Ke1 h5 62. b7 Rb6 63. Kf2 Rf6+ 64. Kg2 Rf7 65. Kh3
Rc7 66. Kg2 Rc2+ 67. Kh1 Rb2 68. Kg1 h4 69. Kh1 h3 70. Rh8 Rb1+ 71. Kh2 Rb2+
72. Kxh3 Rxb7 73. Ra8 Rb3+ 74. Kg2 Re3 75. Kf2 Rd3 76. Ra5+ Kh4 77. Ra4+ Kh3
78. Ra5 Rg3 79. Ra6 Kh2 80. Ra8 g5 81. Rh8+ Rh3 82. Rg8 Rh5 83. Rg7 Kh3 84. Ra7
Rh8 85. Kg1 g4 86. Ra3+ Kh4 87. Kg2 Rb8 88. Kg1 Rb2 89. Rc3 Re2 90. Ra3 1/2-1/2

[Event "3. Magistral Ciudad de Zaragoza"]
[Site "Zaragoza ESP"]
[Date "2008.10.18"]
[Round "1.3"]
[White "Rizouk, Aimen"]
[Black "Adla, Diego"]
[Result "1/2-1/2"]
[WhiteElo "2507"]
[BlackElo "2497"]
[PlyCount "146"]
[EventDate "2008.10.18"]
[EventType "tourn"]
[EventRounds "9"]
[EventCountry "ESP"]
[EventCategory "9"]
[Source "lmi"]
[SourceDate "2008.10.18"]

1. e4 c5 2. Nf3 e6 3. d4 cxd4 4. Nxd4 Nc6 5. Nc3 Qc7 6. Be2 a6 7. O-O Nf6 8.
Be3 Bb4 9. Na4 Be7 10. Nxc6 bxc6 11. Nb6 Rb8 12. Nxc8 Qxc8 13. Bd4 c5 14. Be5
Rb6 15. Qd3 d6 16. Bc3 O-O 17. Rad1 d5 18. exd5 Nxd5 19. Be5 f6 20. Bc3 Bd6 21.
b3 Qb8 22. g3 c4 23. Qf3 cxb3 24. cxb3 Nxc3 25. Qxc3 Kh8 26. Bc4 e5 27. Rd5 f5
28. Rfd1 e4 29. Qd4 Bc7 30. Qc5 Rbf6 31. Rd7 Bb6 32. Qe7 Rg6 33. Rb7 Qc8 34.
Rdd7 Qc5 35. Qxc5 Bxc5 36. b4 Bd6 37. Rb6 Be5 38. Rxg6 hxg6 39. Bxa6 Bf6 40.
Bb7 Rd8 41. Rxd8+ Bxd8 42. Bd5 Kh7 43. Kf1 g5 44. g4 Kg6 45. Ke2 Kf6 46. gxf5
Ke5 47. Bb7 g4 48. Bc8 Kd4 49. f6 Bxf6 50. Bxg4 Bg5 51. Bf5 e3 52. f3 Be7 53.
b5 Bd8 54. Bc8 Bb6 55. h4 Bd8 56. h5 Bc7 57. Bd7 Bb6 58. f4 Ke4 59. f5 Ke5 60.
a4 Kf6 61. a5 Bxa5 62. Kxe3 Ke5 63. Kd3 Bb6 64. Kc4 Be3 65. Kb4 Bb6 66. Bc8 Kf6
67. Kc4 Kg5 68. Be6 Kxh5 69. Bf7+ Kg5 70. Bg6 Kf6 71. Kd5 Ke7 72. Kc6 Be3 73.
b6 Kd8 1/2-1/2

[Event "3. Magistral Ciudad de Zaragoza"]
[Site "Zaragoza ESP"]
[Date "2008.10.18"]
[Round "1.4"]
[White "Mirzoev, Azer"]
[Black "Barsov, Alexei"]
[Result "1/2-1/2"]
[WhiteElo "2567"]
[BlackElo "2513"]
[PlyCount "37"]
[EventDate "2008.10.18"]
[EventType "tourn"]
[EventRounds "9"]
[EventCountry "ESP"]
[EventCategory "9"]
[Source "lmi"]
[SourceDate "2008.10.18"]

1. e4 e6 2. d4 d5 3. exd5 exd5 4. Bd3 Bd6 5. c3 Nc6 6. Ne2 Nge7 7. Bf4 Bf5 8.
O-O Bxd3 9. Qxd3 O-O 10. Nd2 Ng6 11. Bxd6 Qxd6 12. Rfe1 Rfe8 13. Nf3 a6 14. Qd2
h6 15. Ng3 Qd7 16. h3 Rxe1+ 17. Rxe1 Re8 18. Rxe8+ Qxe8 19. Qe2 1/2-1/2

[Event "3. Magistral Ciudad de Zaragoza"]
[Site "Zaragoza ESP"]
[Date "2008.10.18"]
[Round "1.5"]
[White "Ramiro Ovejero, Juan Luis"]
[Black "Llorente Zaro, Alfonso"]
[Result "1/2-1/2"]
[WhiteElo "2380"]
[BlackElo "2424"]
[PlyCount "74"]
[EventDate "2008.10.18"]
[EventType "tourn"]
[EventRounds "9"]
[EventCountry "ESP"]
[EventCategory "9"]
[Source "lmi"]
[SourceDate "2008.10.18"]

1. e4 c5 2. Nf3 Nc6 3. Bb5 Nf6 4. Bxc6 dxc6 5. d3 g6 6. h3 Bg7 7. Nc3 Nd7 8.
Be3 e5 9. Nd2 Qe7 10. Nc4 b6 11. f4 exf4 12. Bxf4 Ne5 13. Nxe5 Bxe5 14. O-O
Bxf4 15. Rxf4 Qg5 16. Qf3 O-O 17. Rf1 Be6 18. e5 Qxe5 19. Qxc6 f5 20. R4f2 Rae8
21. Qa4 Qb8 22. Re2 Bf7 23. Rfe1 Rxe2 24. Rxe2 Re8 25. Rxe8+ Bxe8 26. Qc4+ Bf7
27. Qa6 g5 28. Qa4 Qc7 29. d4 Qf4 30. dxc5 Qc1+ 31. Kh2 Qxb2 32. Qd4 bxc5 33.
Qd8+ Kg7 34. Qxg5+ Kf8 35. Qd8+ Kg7 36. Qg5+ Kf8 37. Qd8+ Kg7 1/2-1/2

[Event "3. Magistral Ciudad de Zaragoza"]
[Site "Zaragoza ESP"]
[Date "2008.10.19"]
[Round "2.2"]
[White "Barsov, Alexei"]
[Black "Ramiro Ovejero, Juan Luis"]
[Result "1-0"]
[WhiteElo "2513"]
[BlackElo "2380"]
[PlyCount "69"]
[EventDate "2008.10.18"]
[EventType "tourn"]
[EventRounds "9"]
[EventCountry "ESP"]
[EventCategory "9"]
[Source "lmi"]
[SourceDate "2008.10.18"]

1. d4 d5 2. c4 dxc4 3. Nf3 Nf6 4. e3 Bg4 5. Bxc4 e6 6. h3 Bh5 7. Nc3 Nbd7 8.
O-O Bb4 9. Qb3 c5 10. dxc5 Bxc5 11. Be2 Qb6 12. Qa4 Qb4 13. Rd1 Qxa4 14. Nxa4
Be7 15. Nc3 O-O-O 16. b3 Nb8 17. g4 Bg6 18. Ne5 Nfd7 19. Nxg6 hxg6 20. Kg2 Nb6
21. Bd2 Nc6 22. Be1 Rxd1 23. Rxd1 Rd8 24. f4 Rxd1 25. Bxd1 Bb4 26. Kf2 Ne7 27.
Ne4 Bxe1+ 28. Kxe1 Nbd5 29. Kf2 Kd7 30. Nd2 g5 31. fxg5 Kd6 32. Nf3 Kc5 33. Nd4
Nxe3 34. Kxe3 Nd5+ 35. Kd3 1-0

[Event "3. Magistral Ciudad de Zaragoza"]
[Site "Zaragoza ESP"]
[Date "2008.10.19"]
[Round "2.3"]
[White "Adla, Diego"]
[Black "Mirzoev, Azer"]
[Result "0-1"]
[WhiteElo "2497"]
[BlackElo "2567"]
[PlyCount "88"]
[EventDate "2008.10.18"]
[EventType "tourn"]
[EventRounds "9"]
[EventCountry "ESP"]
[EventCategory "9"]
[Source "lmi"]
[SourceDate "2008.10.18"]

1. d4 d5 2. c4 dxc4 3. Nf3 Nf6 4. e3 e6 5. Bxc4 c5 6. O-O a6 7. Bb3 Nc6 8. Qe2
Qc7 9. Nc3 Bd6 10. Bd2 O-O 11. dxc5 Bxc5 12. Rac1 Ba7 13. h3 Bd7 14. e4 Nh5 15.
Be3 Nf4 16. Qd2 Bxe3 17. Qxe3 Rfd8 18. e5 Ng6 19. Rfe1 Qa5 20. Bc2 Nce7 21. h4
h6 22. h5 Nf8 23. a3 Bc6 24. b4 Qc7 25. Be4 Rac8 26. Bxc6 Qxc6 27. Ne4 Qd7 28.
Rxc8 Rxc8 29. Nd6 Nf5 30. Qd2 Nxd6 31. exd6 Rd8 32. Rd1 Qb5 33. Rc1 Nd7 34. Rc7
Nf6 35. Qc2 Ne8 36. Re7 Qd5 37. Qc5 Qd1+ 38. Kh2 Nxd6 39. Qc7 Rc8 40. Qd7 Rc1
41. Kh3 Qd5 42. Nh4 Rh1+ 43. Kg4 Qg5+ 44. Kf3 Qxh5+ 0-1

[Event "3. Magistral Ciudad de Zaragoza"]
[Site "Zaragoza ESP"]
[Date "2008.10.19"]
[Round "2.4"]
[White "Garza Marco, Sergio"]
[Black "Rizouk, Aimen"]
[Result "1/2-1/2"]
[WhiteElo "2394"]
[BlackElo "2507"]
[PlyCount "72"]
[EventDate "2008.10.18"]
[EventType "tourn"]
[EventRounds "9"]
[EventCountry "ESP"]
[EventCategory "9"]
[Source "lmi"]
[SourceDate "2008.10.18"]

1. d4 Nf6 2. Nf3 e6 3. e3 b6 4. Bd3 Bb7 5. O-O c5 6. c4 g6 7. Re1 Bg7 8. d5
exd5 9. cxd5 Bxd5 10. e4 Bc6 11. e5 Nd5 12. Bc4 Ne7 13. Ng5 O-O 14. Qb3 Qe8 15.
Qh3 h6 16. Ne4 Nf5 17. Nec3 Nd4 18. Na3 Qd8 19. Bxh6 d5 20. exd6 Qxd6 21. Bxg7
Kxg7 22. Ncb5 Bxb5 23. Nxb5 Nxb5 24. Bxb5 a6 25. Qf3 Ra7 26. Rad1 Qf6 27. Qxf6+
Kxf6 28. Rd6+ Kg7 29. Be8 Rb7 30. f4 Rh8 31. g3 b5 32. Kg2 Rc7 33. a4 Rc8 34.
axb5 Rhxe8 35. Rxe8 Rxe8 36. bxa6 Nxa6 1/2-1/2

[Event "3. Magistral Ciudad de Zaragoza"]
[Site "Zaragoza ESP"]
[Date "2008.10.19"]
[Round "2.5"]
[White "Cuenca Jimenez, Jose Fernando"]
[Black "Antoli Royo, Joaquin Miguel"]
[Result "1/2-1/2"]
[WhiteElo "2444"]
[BlackElo "2425"]
[PlyCount "101"]
[EventDate "2008.10.18"]
[EventType "tourn"]
[EventRounds "9"]
[EventCountry "ESP"]
[EventCategory "9"]
[Source "lmi"]
[SourceDate "2008.10.18"]

1. Nf3 Nf6 2. c4 c6 3. d4 d5 4. Qb3 dxc4 5. Qxc4 Bf5 6. g3 e6 7. Bg2 Nbd7 8.
Nc3 Be7 9. O-O O-O 10. Re1 Ne4 11. Qb3 Nb6 12. Rd1 Nxc3 13. bxc3 Be4 14. c4 Qc8
15. c5 Nd7 16. Bh3 b6 17. Nd2 Bf5 18. Bxf5 exf5 19. cxb6 axb6 20. Nc4 Qa6 21.
Ne3 Qxe2 22. Nxf5 Bf6 23. Bf4 Ra5 24. Re1 Qb5 25. Qxb5 Rxb5 26. Nd6 Rd5 27. Ne8
Bxd4 28. Nc7 Ra5 29. Rad1 c5 30. Re7 Nf6 31. Rd2 h6 32. Kg2 Rc8 33. h4 b5 34.
Bd6 b4 35. Kh3 Bc3 36. Rc2 Rd8 37. Bf4 Nd5 38. Nxd5 Rxd5 39. Re8+ Kh7 40. Rc8
Rd1 41. Bd6 Ra1 42. Bxc5 R5xa2 43. Rxa2 Rxa2 44. Rb8 Rb2 45. h5 b3 46. Kg4 Rb1
47. Ba3 Bd4 48. f4 b2 49. Rb4 Bf6 50. Rb6 Bd4 51. Rb4 1/2-1/2

[Event "3. Magistral Ciudad de Zaragoza"]
[Site "Zaragoza ESP"]
[Date "2008.10.20"]
[Round "3.1"]
[White "Antoli Royo, Joaquin Miguel"]
[Black "Reinaldo Castineira, Roi"]
[Result "1/2-1/2"]
[WhiteElo "2425"]
[BlackElo "2516"]
[PlyCount "85"]
[EventDate "2008.10.18"]
[EventType "tourn"]
[EventRounds "9"]
[EventCountry "ESP"]
[EventCategory "9"]
[Source "lmi"]
[SourceDate "2008.10.18"]

1. e4 c5 2. Nf3 d6 3. c3 Nf6 4. Be2 g6 5. O-O Bg7 6. Bb5+ Nc6 7. d4 Bd7 8. Re1
cxd4 9. cxd4 O-O 10. h3 a6 11. Ba4 d5 12. exd5 Nb4 13. Bb3 Nbxd5 14. Nc3 Bf5
15. Bg5 Nxc3 16. bxc3 Ne4 17. g4 Nxg5 18. Nxg5 Bc8 19. Qf3 e6 20. Ne4 Bd7 21.
Rad1 Bc6 22. Qf4 Qh4 23. c4 f5 24. Qg3 Qxg3+ 25. Nxg3 Bf3 26. Rd3 fxg4 27. c5
Bd5 28. Rxe6 Rad8 29. hxg4 Bxb3 30. axb3 Rxd4 31. Rxd4 Bxd4 32. Ne4 Rf4 33. Kg2
Rxg4+ 34. Kf3 Rh4 35. Rd6 Be5 36. Rd8+ Kf7 37. Rd7+ Ke6 38. Rxb7 Kd5 39. Rd7+
Kc6 40. Re7 Kd5 41. Rd7+ Kc6 42. Re7 Kd5 43. Rd7+ 1/2-1/2

[Event "3. Magistral Ciudad de Zaragoza"]
[Site "Zaragoza ESP"]
[Date "2008.10.20"]
[Round "3.3"]
[White "Mirzoev, Azer"]
[Black "Garza Marco, Sergio"]
[Result "1-0"]
[WhiteElo "2567"]
[BlackElo "2394"]
[PlyCount "99"]
[EventDate "2008.10.18"]
[EventType "tourn"]
[EventRounds "9"]
[EventCountry "ESP"]
[EventCategory "9"]
[Source "lmi"]
[SourceDate "2008.10.18"]

1. d4 d6 2. Nf3 g6 3. e4 Bg7 4. Nc3 Nf6 5. Be2 O-O 6. O-O c5 7. d5 Na6 8. Re1
Nc7 9. a4 Bg4 10. h3 Bxf3 11. Bxf3 Nd7 12. Be2 b6 13. Bg5 h6 14. Be3 a6 15. Qd2
Kh7 16. Rab1 Rb8 17. b4 f5 18. exf5 Rxf5 19. Bd3 Bxc3 20. Qxc3 Nxd5 21. Qd2
Nxe3 22. Qxe3 Re5 23. Qg3 Rg5 24. Qf4 Nf6 25. Bxa6 Ra8 26. Bb5 Ra7 27. Qf3 Kg7
28. c3 d5 29. Re6 Rf5 30. Qd3 Rf4 31. Rbe1 cxb4 32. Qd2 Rf5 33. cxb4 d4 34. Bd3
Rg5 35. Qf4 Rd5 36. h4 g5 37. Qg3 Kf8 38. hxg5 Rxg5 39. Qh3 Kg7 40. f4 Rh5 41.
Qg3+ Kf8 42. Qg6 Rh4 43. Rxf6+ exf6 44. Bb5 Rf7 45. Re8+ Qxe8 46. Bxe8 Kxe8 47.
g3 Rh3 48. Kg2 d3 49. Qxd3 Rh5 50. Qe2+ 1-0

[Event "3. Magistral Ciudad de Zaragoza"]
[Site "Zaragoza ESP"]
[Date "2008.10.20"]
[Round "3.4"]
[White "Ramiro Ovejero, Juan Luis"]
[Black "Adla, Diego"]
[Result "1/2-1/2"]
[WhiteElo "2380"]
[BlackElo "2497"]
[PlyCount "32"]
[EventDate "2008.10.18"]
[EventType "tourn"]
[EventRounds "9"]
[EventCountry "ESP"]
[EventCategory "9"]
[Source "lmi"]
[SourceDate "2008.10.18"]

1. e4 c5 2. Nf3 e6 3. c4 Nc6 4. Nc3 Nf6 5. Be2 d5 6. exd5 exd5 7. d4 Be7 8. O-O
O-O 9. Be3 dxc4 10. dxc5 Ng4 11. Bf4 Bxc5 12. Qxd8 Rxd8 13. h3 Nf6 14. Bxc4 Bf5
15. Rad1 Rxd1 16. Rxd1 Rd8 1/2-1/2

[Event "3. Magistral Ciudad de Zaragoza"]
[Site "Zaragoza ESP"]
[Date "2008.10.20"]
[Round "3.5"]
[White "Llorente Zaro, Alfonso"]
[Black "Barsov, Alexei"]
[Result "1/2-1/2"]
[WhiteElo "2424"]
[BlackElo "2513"]
[PlyCount "121"]
[EventDate "2008.10.18"]
[EventType "tourn"]
[EventRounds "9"]
[EventCountry "ESP"]
[EventCategory "9"]
[Source "lmi"]
[SourceDate "2008.10.18"]

1. c4 e6 2. d4 d5 3. Nc3 Bb4 4. Nf3 Ne7 5. Bd2 O-O 6. e3 c5 7. a3 cxd4 8. axb4
dxc3 9. Bxc3 dxc4 10. Bxc4 Nd5 11. Bd2 Nd7 12. O-O N7f6 13. Bd3 Nf4 14. Bxh7+
Nxh7 15. exf4 Bd7 16. Ra3 Bb5 17. Re1 Qd6 18. Re5 Bc6 19. Qe1 Rfd8 20. Bc3 f6
21. Rxe6 Qxf4 22. Qe3 Rd1+ 23. Be1 Qxb4 24. Rb3 Qc4 25. Rc3 Qd5 26. Rc5 Qd3 27.
Qxd3 Rxd3 28. Re3 Rd1 29. h4 Kf7 30. Kh2 Re8 31. Rxe8 Kxe8 32. Ba5 Nf8 33. Rc3
Ne6 34. Kg3 Kd7 35. Re3 Nc5 36. Nd2 Bd5 37. Bb4 b6 38. Ra3 a5 39. Bxc5 Rxd2 40.
Bxb6 Rxb2 41. Rxa5 Bxg2 42. Ra7+ Ke6 43. Kxg2 Rxb6 44. Rxg7 Rb4 45. Kg3 Rb1 46.
Kg2 Rb5 47. Rg3 Kf7 48. Kh3 Rb2 49. f3 Rb5 50. f4 Rf5 51. Kg4 Kg6 52. Rb3 Ra5
53. Rb6 Rc5 54. Ra6 Rb5 55. Ra3 f5+ 56. Kh3 Rb4 57. Rg3+ Kh6 58. Rg5 Rxf4 59.
Kg3 Rg4+ 60. Rxg4 fxg4 61. Kxg4 1/2-1/2

[Event "3. Magistral Ciudad de Zaragoza"]
[Site "Zaragoza ESP"]
[Date "2008.10.21"]
[Round "4.1"]
[White "Reinaldo Castineira, Roi"]
[Black "Barsov, Alexei"]
[Result "1-0"]
[WhiteElo "2516"]
[BlackElo "2513"]
[PlyCount "119"]
[EventDate "2008.10.18"]
[EventType "tourn"]
[EventRounds "9"]
[EventCountry "ESP"]
[EventCategory "9"]
[Source "lmi"]
[SourceDate "2008.10.18"]

1. e4 e6 2. d4 d5 3. Nc3 Bb4 4. exd5 exd5 5. Bd3 Nc6 6. a3 Bxc3+ 7. bxc3 Nge7
8. Qf3 Be6 9. Rb1 b6 10. Ne2 Qd7 11. Nf4 Bf5 12. O-O Bxd3 13. cxd3 O-O-O 14.
Nh5 Qf5 15. Qxf5+ Nxf5 16. g4 Nfe7 17. Re1 g6 18. Ng3 Rhe8 19. Bg5 Rd6 20. Re3
f6 21. Bf4 Rdd8 22. Re6 g5 23. Bd2 Ng8 24. Rxc6 Kd7 25. Rxf6 Nxf6 26. Bxg5 Re6
27. Nh5 Nxh5 28. Bxd8 Nf4 29. Bh4 Ne2+ 30. Kf1 Nxc3 31. Rb2 c6 32. Bg3 Nb5 33.
Be5 Nxa3 34. f4 Nb5 35. f5 Re8 36. h4 a5 37. g5 a4 38. h5 a3 39. Rf2 Rf8 40. f6
Ke6 41. g6 hxg6 42. hxg6 a2 43. Rxa2 Rxf6+ 44. Bxf6 Kxf6 45. Rg2 Kg7 46. Rg4
Nd6 47. Ke2 Nf5 48. Kf3 Kf6 49. Ke2 Kg7 50. Kd2 Ne7 51. Rg1 Nxg6 52. Rb1 b5 53.
Rc1 Ne7 54. Kc3 Nf5 55. Ra1 b4+ 56. Kxb4 Nxd4 57. Rg1+ Kf6 58. Kc5 Ne2 59. Rf1+
Ke5 60. Re1 1-0

[Event "3. Magistral Ciudad de Zaragoza"]
[Site "Zaragoza ESP"]
[Date "2008.10.21"]
[Round "4.2"]
[White "Adla, Diego"]
[Black "Llorente Zaro, Alfonso"]
[Result "1/2-1/2"]
[WhiteElo "2497"]
[BlackElo "2424"]
[PlyCount "95"]
[EventDate "2008.10.18"]
[EventType "tourn"]
[EventRounds "9"]
[EventCountry "ESP"]
[EventCategory "9"]
[Source "lmi"]
[SourceDate "2008.10.18"]

1. d4 Nf6 2. c4 d6 3. Nc3 e5 4. dxe5 dxe5 5. Qxd8+ Kxd8 6. Nf3 Nfd7 7. g4 c6 8.
b3 Na6 9. Bb2 Nac5 10. O-O-O Ke8 11. Rg1 a5 12. Ba1 f6 13. g5 Nb6 14. gxf6 gxf6
15. Rg3 Kf7 16. Bh3 Bxh3 17. Rxh3 Ne6 18. e3 a4 19. Bb2 Be7 20. Ne4 axb3 21.
axb3 Nc5 22. Nxc5 Bxc5 23. Nd2 Rad8 24. Rf1 Nd7 25. Ne4 Be7 26. Rd1 Ke6 27. Rh5
b6 28. f4 Nc5 29. f5+ Kf7 30. Rxd8 Bxd8 31. Nxc5 bxc5 32. Bc3 Be7 33. Rh3 Kg7
34. Rg3+ Kf7 35. e4 Rg8 36. Rxg8 Kxg8 37. Kb2 Kf7 38. Ka3 Ke8 39. Ka4 Bd8 40.
Bd2 Kd7 41. Be3 Kd6 42. Bh6 Ke7 43. b4 cxb4 44. Kxb4 Kd7 45. Kc5 Kc7 46. Bf8
Kd7 47. Kb4 Bb6 48. Bc5 1/2-1/2

[Event "3. Magistral Ciudad de Zaragoza"]
[Site "Zaragoza ESP"]
[Date "2008.10.21"]
[Round "4.3"]
[White "Garza Marco, Sergio"]
[Black "Ramiro Ovejero, Juan Luis"]
[Result "1/2-1/2"]
[WhiteElo "2394"]
[BlackElo "2380"]
[PlyCount "109"]
[EventDate "2008.10.18"]
[EventType "tourn"]
[EventRounds "9"]
[EventCountry "ESP"]
[EventCategory "9"]
[Source "lmi"]
[SourceDate "2008.10.18"]

1. d4 d5 2. c4 dxc4 3. e3 e5 4. Bxc4 exd4 5. exd4 Nf6 6. Nf3 Bd6 7. O-O O-O 8.
h3 h6 9. Nc3 Nc6 10. a3 Bf5 11. Re1 Re8 12. Rxe8+ Qxe8 13. Nb5 Qd7 14. Nxd6
Qxd6 15. Qb3 Rf8 16. Bd2 Be4 17. Rc1 Bxf3 18. Qxf3 Nxd4 19. Qd3 Rd8 20. Bb4 Qf4
21. Re1 Nc6 22. Qb3 Nxb4 23. Qxb4 Rd4 24. g3 Qd2 25. Qxd2 Rxd2 26. Re7 Nd7 27.
Rxf7 Ne5 28. Rxc7+ Nxc4 29. Rxc4 Rxb2 30. Rc7 a5 31. a4 Kh7 32. Rc5 b6 33. Rc6
Kg8 34. g4 Kf7 35. Kg2 Rb3 36. h4 g6 37. f3 b5 38. axb5 Rxb5 39. Ra6 h5 40. g5
Rc5 41. Kg3 Rf5 42. Ra7+ Kg8 43. Kf2 Rf4 44. Kg3 Rf5 45. Rc7 Kf8 46. Rc4 Kf7
47. Kf2 Rb5 48. Rc7+ Kg8 49. Ra7 Rb4 50. Ra8+ Kg7 51. Ra7+ Kg8 52. Rxa5 Rxh4
53. Ra6 Kf7 54. Rf6+ Kg7 55. f4 1/2-1/2

[Event "3. Magistral Ciudad de Zaragoza"]
[Site "Zaragoza ESP"]
[Date "2008.10.21"]
[Round "4.4"]
[White "Cuenca Jimenez, Jose Fernando"]
[Black "Mirzoev, Azer"]
[Result "0-1"]
[WhiteElo "2444"]
[BlackElo "2567"]
[PlyCount "122"]
[EventDate "2008.10.18"]
[EventType "tourn"]
[EventRounds "9"]
[EventCountry "ESP"]
[EventCategory "9"]
[Source "lmi"]
[SourceDate "2008.10.18"]

1. Nf3 d5 2. d4 c5 3. c4 dxc4 4. e3 e6 5. Bxc4 Nf6 6. O-O a6 7. dxc5 Bxc5 8.
Qxd8+ Kxd8 9. Nbd2 Ke7 10. Be2 Bd7 11. Ne5 Bb5 12. Ndc4 Nc6 13. a4 Nxe5 14.
axb5 Nxc4 15. Bxc4 axb5 16. Rxa8 Rxa8 17. Bxb5 Bb4 18. f3 Rd8 19. Kf2 Bd2 20.
Ke2 Bxc1 21. Rxc1 Nd5 22. g3 Rd6 23. Rc2 Rb6 24. Bc4 Nf6 25. Kd2 g5 26. e4 Nd7
27. Kc3 Ne5 28. Be2 Kf6 29. b4 Rd6 30. b5 Rd7 31. Ra2 Rc7+ 32. Kd4 b6 33. Ra6
Nd7 34. e5+ Nxe5 35. Rxb6 Rc2 36. Ke3 Rb2 37. Rb7 Rb3+ 38. Kf2 h5 39. Rb8 Nc6
40. Ra8 Nd4 41. Ra4 e5 42. Ra6+ Kg7 43. Ra2 f5 44. Ra7+ Kf6 45. Ra6+ Ke7 46.
Ra7+ Kd6 47. Ra2 Kc5 48. Rd2 g4 49. fxg4 hxg4 50. Bf1 e4 51. Ra2 e3+ 52. Kg2
Rb1 53. Bd3 Rd1 54. Be2 Nxe2 55. Rxe2 Kd4 56. b6 Rb1 57. Ra2 Rxb6 58. Kf1 Rb4
59. Ke2 Ke4 60. Rc2 Rd4 61. Ra2 Rd2+ 0-1

[Event "3. Magistral Ciudad de Zaragoza"]
[Site "Zaragoza ESP"]
[Date "2008.10.21"]
[Round "4.5"]
[White "Antoli Royo, Joaquin Miguel"]
[Black "Rizouk, Aimen"]
[Result "1/2-1/2"]
[WhiteElo "2425"]
[BlackElo "2507"]
[PlyCount "22"]
[EventDate "2008.10.18"]
[EventType "tourn"]
[EventRounds "9"]
[EventCountry "ESP"]
[EventCategory "9"]
[Source "lmi"]
[SourceDate "2008.10.18"]

1. e4 c5 2. Nf3 d6 3. c3 Nf6 4. Be2 Nbd7 5. d3 b6 6. Nbd2 Bb7 7. O-O g6 8. d4
cxd4 9. cxd4 Bg7 10. Bd3 O-O 11. Re1 e5 1/2-1/2

[Event "3. Magistral Ciudad de Zaragoza"]
[Site "Zaragoza ESP"]
[Date "2008.10.22"]
[Round "5.1"]
[White "Rizouk, Aimen"]
[Black "Reinaldo Castineira, Roi"]
[Result "1-0"]
[WhiteElo "2507"]
[BlackElo "2516"]
[PlyCount "87"]
[EventDate "2008.10.18"]
[EventType "tourn"]
[EventRounds "9"]
[EventCountry "ESP"]
[EventCategory "9"]
[Source "lmi"]
[SourceDate "2008.10.18"]

1. e4 e6 2. d4 d5 3. Nd2 Nf6 4. e5 Nfd7 5. Bd3 c5 6. c3 Nc6 7. Ngf3 Be7 8. O-O
Qb6 9. dxc5 Nxc5 10. Bc2 O-O 11. Nb3 Nd7 12. Re1 f5 13. exf6 Nxf6 14. Nbd4 Nxd4
15. cxd4 Bd7 16. Ne5 Be8 17. Bg5 Rc8 18. Rc1 Rc7 19. Qd3 Ne4 20. Bxe7 Rxe7 21.
Qa3 Nd6 22. Red1 g6 23. Bd3 Rf4 24. Bb1 Rc7 25. Rxc7 Qxc7 26. Qe3 Rf8 27. Ng4
Qe7 28. Re1 Bd7 29. Qe5 Nf7 30. Qc7 Qb4 31. Rd1 Bc6 32. b3 Qd6 33. Qxd6 Nxd6
34. Ne5 Nb5 35. a4 Nc3 36. Re1 Rf4 37. Nf3 g5 38. Nxg5 Rxd4 39. Bxh7+ Kh8 40.
Nxe6 Rd2 41. Bf5 d4 42. Nf4 Rb2 43. Re7 Kg8 44. Bh7+ 1-0

[Event "3. Magistral Ciudad de Zaragoza"]
[Site "Zaragoza ESP"]
[Date "2008.10.22"]
[Round "5.2"]
[White "Mirzoev, Azer"]
[Black "Antoli Royo, Joaquin Miguel"]
[Result "0-1"]
[WhiteElo "2567"]
[BlackElo "2425"]
[PlyCount "114"]
[EventDate "2008.10.18"]
[EventType "tourn"]
[EventRounds "9"]
[EventCountry "ESP"]
[EventCategory "9"]
[Source "lmi"]
[SourceDate "2008.10.18"]

1. c4 c6 2. e4 d5 3. exd5 cxd5 4. cxd5 Nf6 5. Qa4+ Nbd7 6. Nc3 g6 7. Bc4 Bg7 8.
Nf3 O-O 9. d3 a6 10. Qa3 b6 11. O-O Bb7 12. Bf4 b5 13. Bb3 Re8 14. Ng5 Bf8 15.
d6 e6 16. Nge4 Nh5 17. Bg5 f6 18. Be3 Qb8 19. Rfe1 f5 20. Bxe6+ Rxe6 21. Qb3
Ng7 22. Ng5 Qxd6 23. Nxe6 Qxe6 24. Qxe6+ Nxe6 25. f3 Kf7 26. Rac1 Ne5 27. Red1
Rd8 28. d4 Nc4 29. d5 Nc7 30. Bg5 Rd7 31. b3 Nb6 32. Rc2 Ncxd5 33. Nxd5 Nxd5
34. Be3 Bb4 35. Bf2 Re7 36. Rd4 Ba5 37. h4 Rc7 38. Rxc7+ Bxc7 39. Rd2 Be5 40.
Bd4 Bg3 41. Bf2 Bf4 42. Re2 Nc3 43. Rc2 Be5 44. Kf1 Ke6 45. Rd2 Nd5 46. Re2 Kd6
47. Rd2 b4 48. Ba7 Bc3 49. Rd1 Bc6 50. Kf2 a5 51. h5 gxh5 52. Kg3 Ke6 53. Kh4
Be8 54. Kg5 Bg6 55. Bb8 Bf6+ 56. Kh6 Ne7 57. Rd8 f4 0-1

[Event "3. Magistral Ciudad de Zaragoza"]
[Site "Zaragoza ESP"]
[Date "2008.10.22"]
[Round "5.4"]
[White "Llorente Zaro, Alfonso"]
[Black "Garza Marco, Sergio"]
[Result "1-0"]
[WhiteElo "2424"]
[BlackElo "2394"]
[PlyCount "91"]
[EventDate "2008.10.18"]
[EventType "tourn"]
[EventRounds "9"]
[EventCountry "ESP"]
[EventCategory "9"]
[Source "lmi"]
[SourceDate "2008.10.18"]

1. c4 e6 2. Nf3 d5 3. d4 c6 4. e3 Bd6 5. Nbd2 f5 6. h3 Nf6 7. Bd3 O-O 8. b3 Ne4
9. Ne5 Qf6 10. Bb2 Nd7 11. Nxd7 Bxd7 12. O-O g5 13. Nf3 Be8 14. Ne5 h5 15. Bxe4
dxe4 16. f3 exf3 17. Qxf3 Qh6 18. a4 g4 19. Qf4 Qxf4 20. exf4 Rd8 21. Rfd1 gxh3
22. gxh3 Kh7 23. Ba3 Rg8+ 24. Kf2 Bxe5 25. dxe5 Rxd1 26. Rxd1 Kg6 27. Rd8 Bf7
28. Rd7 b5 29. a5 bxc4 30. bxc4 Rb8 31. a6 Rb3 32. Bc5 Rxh3 33. Rxa7 h4 34. Ra8
Rh2+ 35. Kg1 Ra2 36. a7 Ra1+ 37. Kg2 Kh5 38. Rh8+ Kg4 39. a8=Q Rxa8 40. Rxa8
Kxf4 41. Rh8 Kg4 42. Bf2 Bh5 43. Rh6 f4 44. Rxe6 h3+ 45. Kh2 Kf3 46. Bg1 1-0